000 00553nam a2200169Ia 4500
008 090711s9999 xx 000 0 und d
082 _b1285
100 _aबोराडे रा. रं.
245 _aइथं होतं एक गाव
260 _bसाकेत प्रकाशन
_c2000
300 _a120
600 _aबोराडे रा. रं.
630 _aइथं होतं एक गाव
700 _aबोराडे रा. रं.
730 _aइथं होतं एक गाव
942 _cBOOK
999 _c338288
_d338288